Trigonometría plana y esférica con tablas trigonométricas

Λεπτομέρειες βιβλιογραφικής εγγραφής
Κύριος συγγραφέας: Granville, William Anthony 1863-1943
Μορφή: Βιβλίο
Γλώσσα:Spanish
Έκδοση:3a ed.
Θέματα:
Διαθέσιμο Online:https://es.slideshare.net/maopitagor/trigonometria-granville

MARC

LEADER 00000cam a2200000 a 4500
001 70354
003 Ucuenca
005 20240125220006.0
008 000000|1978 mx |||||r|||||||||||spa||
040 |b spa 
041 1 |a spa 
082 0 |a 516.24 
100 1 |a Granville, William Anthony  |d 1863-1943  |9 34500 
245 |a Trigonometría plana y esférica con tablas trigonométricas  |c William Anthony Granville. Revisada Percey F. Smith y James S. Mikesh. Traducción Rafael García Díaz  |h imp 
250 |a 3a ed. 
264 |a Mexico  |b UTHEA  |c 1978 
300 |a 469 páginas:  |b gra  |c 19.5 cm 
504 |a incl. ref. 
650 0 |a Trigonometría  |9 14433 
650 |a Logaritmos  |9 14566 
852 |a UC-CDJBV  |f Compra  |l 1  |m General  |p 00000000  |r 2  |t 70354  |y 117229  |b 0  |d CDRC  |e CDRC  |g 516.24 SEGUNDO PISO  |z 0000-00-00 
856 |u https://es.slideshare.net/maopitagor/trigonometria-granville 
942 |c BK  |0 13 
999 |c 18195  |d 18195